The Other Woman - Jeff Buckley (All Lyrics) - Statistics

General Stats
  • This quiz has been taken 36 times
  • The average score is 75 of 118
Answer Stats
Answer % Correct
a
100%
other
100%
The
100%
the
100%
woman
100%
her
88%
to
88%
is
81%
And
75%
hair
75%
in
75%
keep
75%
love
75%
never
75%
time
75%
cry
69%
have
69%
his
69%
man
69%
with
69%
curls
63%
herself
63%
manicure
63%
nails
63%
pin
63%
seen
63%
she's
63%
will
63%
flowers
56%
sleep
56%
where
56%
always
50%
anywhere
50%
clothes
50%
each
50%
enchants
50%
fails
50%
find
50%
French
50%
fresh
50%
perfect
50%
perfume
50%
rival
50%
room
50%
as
44%
cut
44%
everywhere
44%
go
44%
keeps
44%
lonesome
44%
Oh
44%
old
44%
queen
44%
scattered
44%
toys
44%
when
44%
by
38%
call
38%
comes
38%
finds
38%
like
38%
waiting
38%
are
31%
He'll
31%
'Cause
25%
he's
25%
It's
25%
there
25%
years
25%
from
19%
life
19%
side
19%
alone
13%
change
13%
such
13%
routine
6%
spend
6%
No matching quizzes found
Score Distribution
Percent of People with Each Score
Percentile by Number Answered
Your Score History
You have not taken this quiz